00469nam a2200205Ia 4500003000900000008004100009040001300050040001300063041000800076100001500084100001000099245006600109250001100175260001200186260000900198300001100207300001200218490002600230490000700256IT-RoPAU120407s9999 xx 000 0 und d aIT-RoPAU cIT-RoPAU afra aHippolytus csant' aLa tradition apostolique. 2a ed. (Testo latino - francese) aParis  aDu Cerf c1984 a149 p. c19,5 cm aSources Chrétiennes v11